| 000 | 00507nam a22001817a 4500 | ||
|---|---|---|---|
| 005 | 20251108164731.0 | ||
| 008 | 250721s9999 xx 000 0 ara d | ||
| 082 | 1 | 4 | _a812.962/علي |
| 100 | 1 | _aسالم، علي | |
| 245 | 1 | 0 | _aالكلاب وصلت المطار / |
| 264 | 1 |
_aالقاهرة : _bمؤسسة الهلال، _c[19-]. |
|
| 300 | _a156ص | ||
| 490 | 0 | _aروايات الهلال | |
| 650 | 1 | 7 | _aالمسرحيات العربية |
| 650 | 1 | 7 | _aمصر |
| 942 |
_2ddc _cBK |
||
| 999 |
_c13036 _d13036 |
||